30 biggest cities in Idaho - Statistics

General Stats
  • This quiz has been taken 41 times
  • The average score is 14 of 30
Answer Stats
Population City % Correct
235,684 Boise
100%
64,818 Idaho Falls
94%
100,200 Nampa
94%
117,635 Meridian
91%
51,807 Twin Falls
91%
54,628 Coeur d'Alene
88%
56,320 Pocatello
88%
59,996 Caldwell
72%
25,435 Moscow
72%
39,409 Rexburg
66%
34,203 Lewiston
63%
38,485 Post Falls
59%
30,346 Eagle
56%
8,639 Sandpoint
41%
12,346 Blackfoot
34%
15,979 Mountain Home
34%
11,117 Star
34%
15,570 Chubbuck
28%
12,349 Jerome
28%
24,011 Kuna
28%
11,704 Burley
22%
9,161 Hailey
22%
15,570 Hayden
22%
9,425 Middleton
19%
8,127 Payette
19%
17,694 Ammon
16%
7,647 Emmett
16%
12,316 Garden City
13%
9,211 Rathdrum
13%
6,082 Rupert
9%
No matching quizzes found
Score Distribution
Percent of People with Each Score
Percentile by Number Answered
Your Score History
You have not taken this quiz